000 00849nam a2200229 a 4500
003 0
005 20250310151041.0
008 080730s19uu xx 00 eng d
050 _aPGS LC 225.3
_b.K19 2008
100 _aKasahara, Seiji F.
245 _aProfile of students with parents working abroad /
_cSeiji F. Kasahara.
260 _aLas PiƱas City, Philippines :
_bSouthville International School and Colleges,
_c2008.
300 _a18 pages :
_billustrations ;
_c28 cm.
504 _aIncludes bibliographical references.
650 _aChildren of migrant laborers.
650 _aChildren of working parents.
650 _aParental absence
_vSocial aspects.
650 _aStudents
_vFamily relationships.
650 _aChildren of overseas workers.
650 _aEducation
_vChildren of migrant workers.
942 _2lcc
_cPASS
999 _c97986
_d97986